000 00816nam a2200217Ii 4500
003 JO-AjNU
008 230605s9999||||xx |||||||||||||| ||und||
017 _a1988/6/294
040 _aJO-AjNU
_bara
_erda
_cJO-AjNU
041 _aara
050 1 4 _aKMM379.5.N3488.1988
100 3 _a نجم ، محمد صبحي ,
_eauthor
_947080
245 0 0 _aشرح قانون العقوبات الأردني : القسم العام " النظرية العامة للجريمة "
250 _aط1
264 3 1 _aعمان : محمد صبحي نجم ، 1988
300 _a242ص
_bيشتمل على مراجع ببلوغرافية ص ( 239 -242 )
336 _atext
_btxt
_2rdacontent
337 _aunmediated
_bn
_2rdamedia
338 _avolume
_bnc
_2rdacarrier
650 4 _aقانون العقوبات -- الاردن
_947081
999 _aA20527
_c24095
_d24095